000 00540nam a2200193 i 4500
001 55853
003 ES-MaACL
005 20230906163230.0
007 t|
008 030929s1971 sp ||||1| spa d
100 1 _aDíaz, Elías.
_944117
245 1 0 _aSociología y filosofía del derecho /
_cElías Díaz.
260 _a[Madrid] :
_bTaurus,
_c[1971]
300 _a423 p. ;
_c21 cm.
490 1 _aEnsayistas de hoy ;
_v79
830 0 _aEnsayistas de hoy ;
_v79
_9180849
852 _aES-MaACL
_jC-42390
_bR.80040
999 _c55853
_d55853